Ecological sustainability and integrity : concepts and approaches (Record no. 155799)

MARC details
000 -LEADER
fixed length control field 00825nam a2200253Ia 4500
008 - FIXED-LENGTH DATA ELEMENTS--GENERAL INFORMATION
fixed length control field 191130s1998##################000#0#eng##
020 ## - INTERNATIONAL STANDARD BOOK NUMBER
ISBN 9780792349099
082 ## - DEWEY DECIMAL CLASSIFICATION NUMBER
Classification number 338.9 LEM
245 ## - TITLE STATEMENT
Title Ecological sustainability and integrity : concepts and approaches
Statement of responsibility, etc edited by John Lemons, Laura Westra, and Robert Goodland
260 ## - PUBLICATION, DISTRIBUTION, ETC. (IMPRINT)
Place of publication Dordrecht ; Boston
Name of publisher Kluwer Academic
Year of publication 1998
300 ## - PHYSICAL DESCRIPTION
Number of Pages xix, 315 p. : ill. ; 25 cm
500 ## - GENERAL NOTE
General note Includes bibliographical references and index
650 ## - SUBJECT ADDED ENTRY--TOPICAL TERM
Topical Term Ecological integrity
Topical Term Environmental policy
Topical Term Sustainable development
700 ## - ADDED ENTRY--PERSONAL NAME
Personal name Goodland, Robert J. A
Personal name Lemons, John
Personal name Westra, Laura
991 ## -
-- 251187
Holdings
Withdrawn status Lost status Damaged status Not for loan Home library Current library Shelving location Date acquired Full call number Accession Number Price effective from Koha item type
        Anna Centenary Library Anna Centenary Library 4TH FLOOR, A WING 12.10.2020 338.9 LEM 301379 12.10.2020 English Books

Find us on the map